00839nam a2200229Ia 4500003000400000005001700004008004100021020001800062040001800080041000800098082002200106100003100128245004800159250001200207260003700219300002700256650004800283650005500331942003500386999001900421952016900440OSt20230714100257.0210716s2009 xx 000 0 und d a9781902505893 cAIMIT LIBRARY aeng a004.694 22bSAMG aSampson, Geoffrey.9126869 aElectronic business /cBy Geoffrey Sampson. a2nd ed. aNew Delhi :bViva Books ,c2009. axx,257p. ;bPBc23 cm. aIT and the structure of the economy9126870 aE-business and the institutions of society9126871 2ddccBKe2nd ed.k004.694 SAMG c194324d194324 00102ddc40708MCAaAIMITbAIMITeKnowledge Worldg395.00iBill no:432; Bill dt:2015-03-03l0o004.694 SAMGpMCA13832r2025-07-21 00:00:00v296.25w2021-07-16yBK